• 首页
  • 本馆介绍
  • 公告通知
  • 最新文献
  • 馆藏检索
  • 电子资源
  • 读者导购
  • 参考咨询
  • 我的图书馆
  • 登录
  • 详细信息显示
  • 放入我的书架
  • 预约/预借图书
  • 作者相关作品
  • 分类相关作品
  • 丛书相关作品
  • 出版社相关作品

书目信息

  • 表格格式
  • 工作单格式
  • 卡片格式
题名:
均相络合催化
    
 
作者: 刘汉明 编译
分册:  
出版信息: 上海   上海科学技术文献出版社  1981
页数: 273页
开本: 19cm
丛书名:
单 册:
中图分类: TQ544
科图分类:
主题词: 煤气化--原料 , 煤气化--辅助材料
电子资源:
ISBN:
000 00672nam0 2200241 45
001 0181005425
005 20060801101541.00
010    @dCNY1.10
091    @a15192.136
100    @a19950607d1981 em y0chiy0121 ea
101 0  @achi
102    @aCN@b310000
105    @ay z 000yy
200 10 @a均相络合催化@Ajun xiang luo he cui hua@f刘汉明等编译@Fliu han ming deng bian yi
210    @a上海@c上海科学技术文献出版社@d1981
215    @a273页@d19cm
606 0  @a煤气化@x原料
606 0  @a煤气化@x辅助材料
690    @aTQ544
701  0 @a刘汉明@Aliu han ming@4编译
801  0 @aCN@b上海图书馆@c20060801
801  2 @aCN@bNLC@c20051212
905    @f1@b61965@dTQ544@e10
    
    均相络合催化/刘汉明等编译.-上海:上海科学技术文献出版社,1981
    273页;19cm
    
    
    ISBN :CNY1.10
    
●
相关链接 在E读中查询图书 在五车中查询图书 在当当中查询图书 在豆瓣中查询图书


正题名:均相络合催化     索取号:TQ544/10         预约/预借

序号 登录号 条形码 馆藏地/架位号 状态 备注
1 0061965   001477627   第三借阅区/ [索取号:TQ544/10] 在馆    
2 0061966   202164576   密集书库/ [索取号:TQ544/10] 在馆    
3 0061967   001477618   第二样本阅览室/ [索取号:TQ544/10] 在馆    
4 0439166   204391666   密集书库/ [索取号:TQ544/10] 在馆    
唐山师范学院图书馆 欢迎您!
大连网信软件有限公司© 版权所有